00337nam a2200145Ia 4500100003200000650000800032250000600040366000700046654001100053245005700064260002700121082001800148300000800166546001700174 aIngle/Vinay K/ Proakis/J.G  aDSP a3 f20 amatlab aEssentials of Digital signal processing using Matlab bCengage Learningc2012 a621.3822bING a652 aENGLISHcTTL